<?xml version="1.0" encoding="UTF-8"?>
<record
    xmlns:xsi="http://www.w3.org/2001/XMLSchema-instance"
    xsi:schemaLocation="http://www.loc.gov/MARC21/slim http://www.loc.gov/standards/marcxml/schema/MARC21slim.xsd"
    xmlns="http://www.loc.gov/MARC21/slim">

  <leader>00871nam0a2200241   4500</leader>
  <controlfield tag="001">RU\NLR\BIBL_A\011749855</controlfield>
  <controlfield tag="005">20250627154916.0</controlfield>
  <datafield tag="035" ind1=" " ind2=" ">
    <subfield code="a">(NLR Aleph) 011749855</subfield>
  </datafield>
  <datafield tag="090" ind1=" " ind2=" ">
    <subfield code="a">13417795</subfield>
    <subfield code="c">13417795</subfield>
  </datafield>
  <datafield tag="100" ind1=" " ind2=" ">
    <subfield code="a">20180714d1932    |||y0rusy50      ca</subfield>
  </datafield>
  <datafield tag="101" ind1="0" ind2=" ">
    <subfield code="a">myv</subfield>
  </datafield>
  <datafield tag="102" ind1=" " ind2=" ">
    <subfield code="a">RU</subfield>
  </datafield>
  <datafield tag="105" ind1=" " ind2=" ">
    <subfield code="a">y   z   000 y</subfield>
  </datafield>
  <datafield tag="200" ind1="1" ind2=" ">
    <subfield code="a">&#x412;&#x43E;&#x439;&#x43D;&#x430;&#x43D;&#x44C; &#x43E;&#x43F;&#x430;&#x441;&#x43D;&#x43E;&#x441;&#x442;&#x435;&#x441;&#x44C; &#x434;&#x44B; &#x421;&#x421;&#x421;&#x420;-&#x44D;&#x43D;&#x442;&#x44C; &#x432;&#x430;&#x43D;&#x441;&#x442;&#x430;&#x43C;&#x43E;&#x43D;&#x44C; &#x437;&#x430;&#x434;&#x430;&#x447;&#x430;&#x442;&#x43D;&#x435;</subfield>
    <subfield code="f">&#x410;. &#x41A;&#x430;&#x434;&#x438;&#x448;&#x435;&#x432;</subfield>
  </datafield>
  <datafield tag="210" ind1=" " ind2=" ">
    <subfield code="a">&#x41C;&#x43E;&#x441;&#x43A;&#x43E;&#x432;</subfield>
    <subfield code="c">&#x41F;&#x430;&#x440;&#x442;. &#x438;&#x437;&#x434;-&#x432;&#x430;&#x441;&#x44C;</subfield>
    <subfield code="d">1932</subfield>
  </datafield>
  <datafield tag="215" ind1=" " ind2=" ">
    <subfield code="a">47, [1] &#x441;.</subfield>
    <subfield code="d">21</subfield>
  </datafield>
  <datafield tag="541" ind1="1" ind2=" ">
    <subfield code="a">&#x412;&#x43E;&#x435;&#x43D;&#x43D;&#x430;&#x44F; &#x43E;&#x43F;&#x430;&#x441;&#x43D;&#x43E;&#x441;&#x442;&#x44C; &#x438; &#x437;&#x430;&#x434;&#x430;&#x447;&#x438; &#x43E;&#x431;&#x43E;&#x440;&#x43E;&#x43D;&#x44B; &#x421;&#x421;&#x421;&#x420;</subfield>
    <subfield code="z">rus</subfield>
  </datafield>
  <datafield tag="686" ind1="1" ind2=" ">
    <subfield code="a">&#x426;4,6(2)0</subfield>
  </datafield>
  <datafield tag="700" ind1=" " ind2="1">
    <subfield code="4">070</subfield>
    <subfield code="a">&#x41A;&#x430;&#x434;&#x438;&#x448;&#x435;&#x432;</subfield>
    <subfield code="b">&#x410;. &#x411;.</subfield>
    <subfield code="f">1895-1968</subfield>
    <subfield code="g">&#x410;&#x440;&#x43D;&#x43E;&#x43B;&#x44C;&#x434; &#x411;&#x43E;&#x440;&#x438;&#x441;&#x43E;&#x432;&#x438;&#x447;</subfield>
    <subfield code="9">146436</subfield>
    <subfield code="3">RU\NLR\AUTH\770146472</subfield>
  </datafield>
  <datafield tag="852" ind1=" " ind2=" ">
    <subfield code="a">NLR</subfield>
    <subfield code="b">&#x41E;&#x41D;&#x41B;</subfield>
    <subfield code="j">&#x41C;&#x43E;&#x440;&#x434;.&#x42D;./3-601</subfield>
  </datafield>
  <datafield tag="942" ind1=" " ind2=" ">
    <subfield code="c">BOOK</subfield>
  </datafield>
  <datafield tag="980" ind1=" " ind2=" ">
    <subfield code="a">NB</subfield>
  </datafield>
  <datafield tag="995" ind1=" " ind2=" ">
    <subfield code="5">2018-07-14</subfield>
    <subfield code="b">NLR01</subfield>
    <subfield code="c">NLR01</subfield>
    <subfield code="e">ONL</subfield>
    <subfield code="f">1-1459753</subfield>
    <subfield code="k">&#x41E;&#x41D;&#x41B; &#x41C;&#x43E;&#x440;&#x434;.&#x42D;./3-601</subfield>
    <subfield code="o">0</subfield>
    <subfield code="r">BOOK</subfield>
    <subfield code="s">_3601</subfield>
  </datafield>
</record>
